MDQL
is popping MORE tags! Check the
thread
!
Quizzes
Events
Quiz Creation
Community
Videos
Private Events
Remove Ads
Sign In
Join for FREE
Feedback
Dark Mode
Quiz Categories
Sports
Geography
Music
Movies
Television
Just For Fun
Miscellaneous
History
Literature
Language
Science
Gaming
Entertainment
Religion
Holiday
For Kids
Quiz Lab
Recent
Popular Today
Quiz Kudos Today
Editor Picks
Curator Picks
Quizzes by...
Day
Popularity
Type
Ratings
Length
Year
Community
Subscriptions
Recent Discussions
Orange Saloon
Badges
Playlists
Quests
Create
Leaderboards
Showdown
Live 5
Trivia Bingo
Activity
Puzzle Library
Sporcle Events
Private Events
Virtual Trivia
Globe League
Become a Host
Pub Owners
SporcleCon
Opinionation
Our Games
Videos
Blog
Mobile Apps
Partnerships
Remove Ads and Go Orange
Feedback
Science
Computer
Plants
Astronomy
Chemistry
Elements
Math
Animal
Physics
Anatomy
Biology
Geology
General Science
Science
Computer
Plants
Astronomy
Chemistry
Elements
Math
Animal
Physics
Anatomy
Biology
Geology
General Science
Random Quiz
Search Sporcle
×
Quiz Lab
Quiz Lab
Science
Extra
Type in answers that appear in a list
Type in answers that appear in a list
Classic
Best Score? Go Orange.
Abbreviations Flipped Around Part 2 Stats
Can you name the Abbreviations Flipped Around Part 2?
By
AmyM33
10m
54 Questions
11 Plays
11 Plays
11 Plays
Comments
Comments
Give Quiz Kudos
Give Quiz Kudos
-
- Ratings
hide this ad
Random Order
Randomize order of answers
Randomize order of answers
Replay
Link that replays current quiz
Next Quiz
Link to next quiz in quiz playlist
You Got
0%
They Got
Avg Score
36%
Avg Friend Score
Upgrade to see
Score Distribution
Jump to the score distribution portion of the page
Score
0/54
Timer
10:00
0
Plays Today
Meaning
Abbreviations
% Correct
Sodium
NA
72.7%
No known allergies
NKA
63.6%
Chemstick or Cesarean section
CS
63.6%
Nasal Cannula
NC
54.5%
Oxygen
O2
54.5%
White blood cell/
count
WBC
54.5%
Sequential Compression Device
SCD
54.5%
Physical Exam OR Pulmonary Embolus
PE
54.5%
Sodium Chloride
NACL
45.5%
Out of bed
OOB
45.5%
Past medical history
PMH
45.5%
After surgery
POST-OP
45.5%
Post-
Partum
PP
45.5%
Before surgery
PRE-OP
45.5%
Shortness of breath
SOB
45.5%
Soap suds enema
SSE
45.5%
Tempature, Pulse, Respirations
TPR
45.5%
Vital signs
VS
45.5%
Vital signs stable
VSS
45.5%
Guaiac all stools
GAS
45.5%
Patient controlled analgesia
PCA
45.5%
Color, sensation, movement
CSM
45.5%
Normal Saline
NS
36.4%
Culture & Sensitivity
C&S
36.4%
By mouth
PO
36.4%
Patient
PT
36.4%
Four times a day
QID
36.4%
Meaning
Abbreviations
% Correct
No known drug allergy
NKDA
36.4%
Immediately
STAT
36.4%
Three times a day
TID
36.4%
Tap water enema
TWE
36.4%
Urinalysis
UA
36.4%
Due to void
DTV
36.4%
Finger Stick
FS
36.4%
Review of systems
ROS
36.4%
Not otherwise specified
NOS
36.4%
History & Physical
H&P
36.4%
Nothing by mouth
NPO
27.3%
Left Eye
OS
27.3%
Every Hour
QH
27.3%
Every two hours
Q2H
27.3%
Subcutaneous
SQ
27.3%
Continuous Passive Motion Machine
CPM
27.3%
Right Eye
OD
18.2%
Both eyes
OU
18.2%
Without
`S
18.2%
Suppository /
or /
per-
rectum
SUPPOS
18.2%
Bedside Commode
BSC
18.2%
Nausea & vomitting
N
9.1%
Every
Q
9.1%
Nausea/
Vomitting/
Diarhea
N
9.1%
Rule out
R
9.1%
Rapid Response
Prevents events from worsening
9.1%
Cart Call
Pt is deceased
0%
Quiz Playlist
Details
Report
Send in Message
Add To Playlist
Classic:
Type in answers that appear in a list
Random Order:
Randomize order of answers
Last Updated: Feb 16, 2017
Quiz Scoreboard
CHALLENGE
Sign Up to Join the Scoreboard
Show All
Scores
Hide
Comments
May contain spoilers
Recently Published
Street Fighter Characters
by Artimus82
Gaming
60s
9x9 Crossword: Cartoon Network
by jackfrog10
Miscellaneous
3m
College Basketball Coaching Resumes
by pancakes188
Sports
9m
More to Explore
Quiz From the Vault
Featured Blog Post
Where Did the Easter Bunny Come From?
hide this ad
You Might Also Like...
Tags
Abbreviation
Extra
Flipped
Term
Today's Top Quizzes in Science
Browse Science
hide this ad
Today's Top Quizzes in Extra
Browse Extra
Top Contributed Quizzes in Science
1
Quick Pick: Radians
2
The First 100 Digits of Pi
3
Quick Pick: 'CI-CJ' Animals
4
Elements In Images
5
perfect squares 1-25
6
One Thing in Common: Science
7
One Thing in Common: Science II
8
One Thing in Common: Animals
9
Science Jokes
10
One Thing in Common: Science III
Explore More
Trending Topics
NBA
Kpop
Anime
Disney
Marvel
Crossword
Harry Potter
Song
The Office
NFL
Pokémon
Soccer
WWE
Country
Puzzle
hide this ad
More By:
AmyM33
Quiz
Plays
Rating
Category
Featured
Created
Abbreviations Flipped Around Part 2
11
Science
Mar 10, 2011
Abbreviations Flipped Around Part 1 (55)
10
Science
Mar 10, 2011
Go to Creator's Profile
Score Distribution
Quiz Creator Spotlight
AmyM33
Follow
Send a Message
Quizzes Created
-
Created Quiz Play Count
-
More By This Creator
Popular Quizzes Today
1
Find the US States - No Outlines Minefield
2
Find the Countries of Europe - No Outlines Minefield
3
The Countries of the World
4
Find the US States
5
Risky Map Clicking: Biggest States A-Z
6
US States
7
Popular People in 1961
8
Movies - When Are They Set?
More Science Quizzes
Click the Impala Countries
Quiz Lab
Trending Quizzes
Risky Map Clicking: Least Populous States A-Z
1-10 Letter G Words
Risky Map Clicking: Next State Alphabetically
Adjectives in 80s TV Shows
The Seven Year Switch: Catherine
Recently Updated
Leaping Animals
pecheneg
Reality TV Shows (A-Z)
bhenderson79
Rickey Henderson's Hall of Fame Teammates
pecheneg
Champions League XIs: Arsenal
pecheneg
Quick Pick: Celebrities in WWE's Hall of Fame
aduchscher
A-Z Keypad Blitz II
pecheneg
Multiple Oscar Actors
pecheneg
Mystery Phrase Blitz: Oscar 'Best Actors'
pecheneg
F. Scott Fitzgerald Novels
LTH
Pick 3 Villains
ddd62291
Trending Topics
Disney
Crossword
Anime
Harry Potter
Marvel
NBA
Kpop
Country
The Office
NFL
Song
WWE
Pokémon
Puzzle
Soccer
Your Account Isn't Verified!
In order to create a playlist on Sporcle, you need to verify the email address you used during registration. Go to your
Sporcle Settings
to finish the process.
Report this User
Report this user for behavior that violates our
Community Guidelines
.
Details:
Send Report
Go to the Sporcle.com Mobile Site →
Comments